000 00448 a2200145 4500
005 20250716101226.0
020 _a978-9987-9539-3-6
082 _a001.43 MLO
100 _aMLOWE,L.K.
245 _aResearch Methodology and Consultancy Techniques.
260 _aDar es salaam,
_bNational Board of Accountants and Auditors,
_c2012.
300 _axv,268p.:ill.figures, tables, pictures
_bBibliography
_c23cm
700 _aDiyamett,M.L.
942 _2ddc
_cBKS
999 _c6731
_d6731